|
|
|
|
| LEADER |
00000naa2a2200000 4500 |
| 001 |
170175 |
| 005 |
20231213160838.0 |
| 035 |
|
|
|a (RuTPU)RU\TPU\book\184555
|
| 090 |
|
|
|a 170175
|
| 100 |
|
|
|a 20091120d2009 k y0rusy50 ca
|
| 101 |
0 |
|
|a rus
|
| 102 |
|
|
|a RU
|
| 200 |
1 |
|
|a О возможностях прогнозирования качества отливок в математических пакетах SOLIDCAST и PROCAST
|f В. С. Куцепалов, Е. А. Ибрагимов
|
| 463 |
|
0 |
|0 (RuTPU)RU\TPU\book\176298
|t Инновационные технологии и экономика в машиностроении
|o труды VII Всероссийской научно-практической конференции с международным участием, 21-22 мая 2009 г., г. Юрга
|f Томский политехнический университет (ТПУ), Юргинский технологический институт (ЮТИ) ; под ред. Д. А. Чинахова
|v С. 187-188
|d 2009
|p 695 с.
|
| 610 |
1 |
|
|a отливки
|
| 610 |
1 |
|
|a качество
|
| 610 |
1 |
|
|a прогнозирование
|
| 610 |
1 |
|
|a компьютерное моделирование
|
| 610 |
1 |
|
|a программные пакеты
|
| 610 |
1 |
|
|a труды учёных ТПУ
|
| 700 |
|
1 |
|a Куцепалов
|b В. С.
|
| 701 |
|
1 |
|a Ибрагимов
|b Е. А.
|c специалист в области машиностроения
|c старший преподаватель Юргинского технологического института (филиала) Томского политехнического университета, кандидат технических наук
|f 1983-
|g Егор Артурович
|3 (RuTPU)RU\TPU\pers\27431
|9 12741
|
| 801 |
|
1 |
|a RU
|b 63413507
|c 20091120
|
| 801 |
|
2 |
|a RU
|b 63413507
|c 20160805
|g RCR
|
| 942 |
|
|
|c BK
|